00707nam a22001571a 450000100060000000300040000600500170001000800410002702000180006808200250008610000280011124500980013930000110023750000250024865002760027312237OSt20260204212318.0150331s2013|||| ||||||b||||||||||spa|| a9789945887778 aRD 972.9375054 G243h aGarskaf, Josse Hoffning aHistoria de dos Ciudades: Santo Domingo y Nueva York despues de 1950/ Jjosse Hoffning Garskaf a478 p. aIncluye Bibliografia a1-DOMINICO AMERICANO- NEW YORK (ESTADO)- NEW YORK- CONDICIONES SOCIALES- SIGLO XX 2-INMIGRANTES- NEW YORK- (ESTADO)- CODICIONES SOCIALES 3- DOMINICANO- MIGRCION- HISTORIA - SIGLO XX 4-TRASNACIONALISMO- ESTADO DE CARAS- SOCIOLOGIA URBANA- ESTADOS- ESTUDIO DE CASOLISMOÌ